List z Prahy za dirigentským pultom Bohumil Kulínský a Jiří Bělohlávek

Bibliographic Details
Main Author: Vítová, Eva (Author)
Format: Article
Language:Czech
ISSN:1335-4140
Subjects:

MARC

LEADER 00000nab a2200000 a 4500
001 vtls000687801
003 SK-MaSNL
005 20260305005550.0
008 230121c1999 xo 0 0 0cze
015 |a SNBRB1999/03-05686 
035 |a CLN000039968 
040 |a SNKBUCL  |b slo  |c SNKBUCL  |e AACR2 
041 0 |a cze 
044 |a xo  |c SK 
080 |a 78.071.2:785.1:061.7  |2 1997 
080 |a 785.1  |2 1997 
100 1 |a Vítová, Eva  |4 aut  |9 790998 
245 1 0 |a List z Prahy  |b za dirigentským pultom Bohumil Kulínský a Jiří Bělohlávek  |c Eva Vítová 
610 2 7 |a Symfonický orchestr hl. m. Prahy FOK  |2 snkbucl  |9 145791 
655 7 |a články z novín a časopisov  |2 snkbucl  |9 267496 
773 0 |t Hudobný život  |g Roč. 31, č. 3 (1999), s. 29  |x 1335-4140 
850 |a Slovenská národná knižnica v Martine 
852 |a SNK  |b KIS3GCP 
954 |a odborná, vedecká literatúra cudzojazyčná (svetová)  |2 lita 
954 |a odborná, vedecká literatúra pôvodná (slovenská)  |2 lita 
958 |a OND 
958 |a CZ 
958 |a EUIPO 
992 |a RBX 
999 |c 3241152  |d 3243082